|
|
|
|
| LEADER |
01376nam a2200385Ia 4500 |
| 001 |
EBC178836 |
| 003 |
MiAaPQ |
| 005 |
20200520144314.0 |
| 006 |
m o d | |
| 007 |
cr cn||||||||| |
| 008 |
010306s2001 enk sb 001 0 eng d |
| 010 |
|
|
|z 2001019498
|
| 020 |
|
|
|z 0203401980
|
| 020 |
|
|
|z 0415215889
|
| 035 |
|
|
|a (MiAaPQ)EBC178836
|
| 035 |
|
|
|a (Au-PeEL)EBL178836
|
| 035 |
|
|
|a (CaPaEBR)ebr10071193
|
| 035 |
|
|
|a (CaONFJC)MIL32356
|
| 035 |
|
|
|a (OCoLC)252783027
|
| 040 |
|
|
|a MiAaPQ
|c MiAaPQ
|d MiAaPQ
|
| 050 |
|
4 |
|a HD31
|b .S3428 2001
|
| 082 |
0 |
4 |
|a 302.3/5
|2 21
|
| 245 |
0 |
0 |
|a Science fiction and organization
|h [electronic resource] /
|c edited by Warren Smith ... [et al.].
|
| 260 |
|
|
|a London ;
|a New York :
|b Routledge,
|c c2001.
|
| 300 |
|
|
|a x, 227 p.
|
| 490 |
1 |
|
|a Routledge studies in human resource development
|
| 504 |
|
|
|a Includes bibliographical references and index.
|
| 533 |
|
|
|a Electronic reproduction. Ann Arbor, MI : ProQuest, 2015. Available via World Wide Web. Access may be limited to ProQuest affiliated libraries.
|
| 650 |
|
0 |
|a Organization.
|
| 650 |
|
0 |
|a Science fiction.
|
| 655 |
|
4 |
|a Electronic books.
|
| 700 |
1 |
|
|a Smith, Warren.
|
| 710 |
2 |
|
|a ProQuest (Firm)
|
| 830 |
|
0 |
|a Routledge studies in human resource development.
|
| 856 |
4 |
0 |
|u https://ebookcentral.proquest.com/lib/matrademy/detail.action?docID=178836
|z Click to View
|